Personnalités politiques plusieurs fois ministres 3 - Statistiques

Statistiques générales
  • Ce quiz a été pris 93 fois
    89 depuis la dernière actualisation
  • Le résultat moyen est 6 sur 20
Statistiques - réponses
Ministre Ministères Ministères Ministères % Correct
Gabriel Attal Éducation nationale (2023-2024) Premier Ministre (2024)
99%
Rachida Dati Justice (2007-2009) Culture (2024-2026)
74%
Sébastien Lecornu Outre-Mer (2020-2022) Armées (2022-2025) Premier Ministre (depuis 2025)
67%
Najat Vallaud-Belkacem Droits des femmes & Sports (2012-2014) Éducation nationale (2014-2017)
49%
Jean-Pierre Raffarin PME & Commerce (1995-1997) Premier ministre (2002-2005)
36%
Charles Pasqua Intérieur (1986-1988) Intérieur (1993-1995)
33%
Simone Veil Santé (1974-1979) Affaires sociales & Santé (1993-1995)
31%
Martine Aubry Travail & Emploi (1991-1993) Emploi (1997-2000)
26%
Xavier Darcos Éducation nationale (2007-2009) Travail (2009-2010)
23%
Annick Girardin Fonction publique (2016-2017) Outre-Mer (2017-2020) Mer (2020-2022)
22%
Valérie Pécresse Enseignement supérieur & Recherche (2007-2011) Budget (2011-2012)
22%
Alain Madelin Industrie (1986-1988) Entreprises (1993-1995) Économie (1995)
18%
Éric Woerth Budget & Fonction publique (2007-2010) Travail & Fonction publique (2010) Aménagement des territoires, Décentralisation & Logement (2025)
17%
Gilles de Robien Transports & Logement (2002-2005) Éducation nationale (2005-2007)
17%
Gérard Longuet Industrie (1993-1994) Défense (2011-2012)
15%
Hervé Gaymard Agriculture (2002-2004) Économie (2004-2005)
12%
Nicole Bricq Écologie (2012) Commerce extérieur (2012-2014)
12%
Michel Mercier Aménagement du territoire (2009-2010) Justice (2010-2012)
10%
Sylvia Pinel Artisanat, Commerce & Tourisme (2012-2014) Logement (2014-2016)
10%
Renaud Dutreil Fonction publique (2004-2005) PME & Commerce (2005-2007)
6%
Aucun quiz correspondant
Distribution des résultats
% des personnes avec chaque résultat
Percentile par nombre de réponses
Votre historique - résultats
Vous n’avez pas pris ce quiz depuis la dernière actualisation